| 000 | 01219nam a2200325 i 4500 | ||
|---|---|---|---|
| 001 | 73000 | ||
| 003 | ES-MaACL | ||
| 005 | 20250804062643.0 | ||
| 007 | t| | ||
| 008 | 040906s1969 sp |||| | spa d | ||
| 080 | _a 821.111-31"19" | ||
| 100 | 1 |
_aGolding, William. _957665 _eaut |
|
| 245 | 1 | 0 |
_aNovelas / _cWilliam Golding ; traducción del inglés por María Luisa Giner de los Ríos, Enrique López Martín y Juan Martín Ruiz-Werner ; prólogo de Juan Martín Ruiz-Werner. |
| 260 |
_aMadrid : _bAguilar, _c[1969] |
||
| 300 |
_a1002 p., 1 lám. ; _c19 cm. |
||
| 505 | 8 |
_aContiene: _tEl señor de las moscas ; _tLos herederos ; _tMartín el atormentado ; _tCaída libre |
|
| 630 | 0 |
_9240441 _aLord of the flies. _lEspañol |
|
| 655 | 0 |
_aNovelas _9234319 |
|
| 700 | 1 |
_aGiner de los Ríos, María Luisa. _957126 _etrl |
|
| 700 | 1 |
_aLópez Martín, Enrique. _973752 _etrl |
|
| 700 | 1 |
_aMartín Ruiz-Werner, Juan. _977640 _eaui |
|
| 740 | 3 | 2 | _aEl señor de las moscas. |
| 740 | 4 | 2 | _aLos herederos. |
| 740 | 0 | 2 | _aMartín el atormentado. |
| 740 | 0 | 2 | _aCaída libre. |
| 852 |
_aES-MaACL _jA-7686 _cSPP1 |
||
| 942 |
_2udc _cMONOGRAFIA _n0 |
||
| 999 |
_c73000 _d73000 |
||